Locke on human understanding : (Record no. 450)
[ view plain ]
| 000 -LEADER | |
|---|---|
| fixed length control field | 00980cam a2200313 i 4500 |
| 001 - CONTROL NUMBER | |
| control field | 4159933 |
| 003 - CONTROL NUMBER IDENTIFIER | |
| control field | OSt |
| 005 - DATE AND TIME OF LATEST TRANSACTION | |
| control field | 20140310181629.0 |
| 008 - FIXED-LENGTH DATA ELEMENTS--GENERAL INFORMATION | |
| fixed length control field | 780419s1977 enk b 001 0 eng |
| 010 ## - LIBRARY OF CONGRESS CONTROL NUMBER | |
| LC control number | 78300833 |
| 015 ## - NATIONAL BIBLIOGRAPHY NUMBER | |
| National bibliography number | GB*** |
| 020 ## - INTERNATIONAL STANDARD BOOK NUMBER | |
| International Standard Book Number | 0198750390 : |
| Terms of availability | £1.95 |
| 040 ## - CATALOGING SOURCE | |
| Original cataloging agency | DLC |
| Transcribing agency | DLC |
| Modifying agency | DLC |
| 050 00 - LIBRARY OF CONGRESS CALL NUMBER | |
| Classification number | B 1297 |
| Item number | .L814 1977 |
| 082 00 - DEWEY DECIMAL CLASSIFICATION NUMBER | |
| Classification number | TR 121.09 |
| Item number | Ti49 1977 |
| 245 00 - TITLE STATEMENT | |
| Title | Locke on human understanding : |
| Remainder of title | selected essays / |
| Statement of responsibility, etc | edited by I. C. Tipton. |
| 260 ## - PUBLICATION, DISTRIBUTION, ETC. (IMPRINT) | |
| Place of publication, distribution, etc | Oxford ; |
| -- | New York : |
| Name of publisher, distributor, etc | Oxford University Press, |
| Date of publication, distribution, etc | 1977. |
| 300 ## - PHYSICAL DESCRIPTION | |
| Extent | 170 p. ; |
| Dimensions | 21 cm. |
| 490 0# - SERIES STATEMENT | |
| Series statement | Oxford readings in philosophy |
| 500 ## - GENERAL NOTE | |
| General note | Includes index. |
| 520 ## - SUMMARY, ETC. | |
| Summary, etc | 1. Locke, John--Knowledge, theory of--addresses, essays, lectures |
| 521 ## - TARGET AUDIENCE NOTE | |
| Target audience note | |
| 541 ## - IMMEDIATE SOURCE OF ACQUISITION NOTE | |
| -- | 1 |
| 562 ## - COPY AND VERSION IDENTIFICATION NOTE | |
| Number of copies | For circulation. 1 copy in the collection |
| 600 10 - SUBJECT ADDED ENTRY--PERSONAL NAME | |
| Personal name | Locke, John, |
| Dates associated with a name | 1632-1704. |
| 700 1# - ADDED ENTRY--PERSONAL NAME | |
| Personal name | Tipton, I. C. |
| 906 ## - LOCAL DATA ELEMENT F, LDF (RLIN) | |
| a | 7 |
| b | cbc |
| c | orignew |
| d | 3 |
| e | ncip |
| f | 19 |
| g | y-gencatlg |
| 942 ## - ADDED ENTRY ELEMENTS (KOHA) | |
| Source of classification or shelving scheme | Library of Congress Classification |
| Koha item type | |
| Call number prefix | |
| Withdrawn status | Lost status | Source of classification or shelving scheme | Damaged status | Home library | Current library | Shelving location | Date acquired | Total Checkouts | Full call number | Barcode | Date last seen | Copy number | Price effective from | Koha item type |
|---|---|---|---|---|---|---|---|---|---|---|---|---|---|---|
| Library of Congress Classification | Luxembourg Library | Luxembourg Library | Teachers Reference Section | 03/03/2012 | B 1298 .L814 1977 | 4363 | 08/13/2013 | 1 | 10/03/2013 | Books |